Catálogo
 En Linea

Fidelio : (Registro nro. 45490)

Detalles MARC
000 -CABECERA
campo de control de longitud fija 02218nam a2200337 i 4500
001 - NÚMERO DE CONTROL
campo de control 000046001
003 - IDENTIFICADOR DEL NÚMERO DE CONTROL
campo de control DO-SdBNP
005 - FECHA Y HORA DE LA ÚLTIMA TRANSACCIÓN
campo de control 20241113103519.0
007 - CAMPO FIJO DE DESCRIPCIÓN FÍSICA--INFORMACIÓN GENERAL
campo de control de longitud fija ta
008 - DATOS DE LONGITUD FIJA--INFORMACIÓN GENERAL
campo de control de longitud fija 150610s2015 dr ac 000 0 spa d
020 ## - NÚMERO INTERNACIONAL ESTÁNDAR DEL LIBRO
Número Internacional Estándar del Libro 9789945586299 (v. 1)
020 ## - NÚMERO INTERNACIONAL ESTÁNDAR DEL LIBRO
Número Internacional Estándar del Libro 9789945586305 (v. 2)
040 ## - FUENTE DE LA CATALOGACIÓN
Centro catalogador/agencia de origen DO-SdBNP
Lengua de catalogación spa
Centro/agencia transcriptor BNPHU
Normas de descripción rda
082 #4 - NÚMERO DE LA CLASIFICACIÓN DECIMAL DEWEY
Número de clasificación xxxx
Número de documento/Ítem D473f
Número de edición 22
100 1# - ENTRADA PRINCIPAL--NOMBRE DE PERSONA
Nombre de persona Despradel, Fidelio,
Fechas asociadas al nombre 1937-
Término indicativo de función/relación autor
Código de función/relación aut.
9 (RLIN) 74070
245 10 - MENCIÓN DE TÍTULO
Título Fidelio :
Resto del título memorias de un revolucionario /
Mención de responsabilidad, etc. Fidelio Despradel ; edición, William Capellán Ferrera.
264 #4 - PRODUCCIÓN, PUBLICACIÓN, DISTRIBUCIÓN, FABRICACIÓN Y COPYRIGHT
Producción, publicación, distribución, fabricación y copyright Santo Domingo :
Nombre del de productor, editor, distribuidor, fabricante Editora Archivo General de la Nación,
Fecha de producción, publicación, distribución, fabricación o copyright 2015.
300 ## - DESCRIPCIÓN FÍSICA
Extensión volumen
Otras características físicas ilustraciones, retratos ;
Dimensiones 27 cm.
336 ## - TIPO DE CONTENIDO
Término de tipo de contenido texto
Código de tipo de contenido txt
Fuente rdacontent
337 ## - TIPO DE MEDIO
Nombre/término del tipo de medio sin mediación
Código del tipo de medio n
Fuente rdamedia
338 ## - TIPO DE SOPORTE
Nombre/término del tipo de soporte volumen
Código del tipo de soporte nc
Fuente rdacarrier
490 1# - MENCIÓN DE SERIE
Mención de serie Archivo General de la Nación
Designación de volumen o secuencia 233
500 ## - NOTA GENERAL
Nota general Incluye índice onomástico
500 ## - NOTA GENERAL
Nota general Incluye datos biográficos del autor en las solapas.
505 0# - NOTA DE CONTENIDO CON FORMATO
Nota de contenido con formato La batalla de los inocentes, 1963: antesala de nueva restauración /
Información miscelánea volumen 1 --
Título Presentación --
-- Mi bautismo de fuego --
-- Una especie de ambientación --
Información miscelánea La batalla de los inocentes --
Título 1a. parte: Los Despradel --
-- 2a. parte: A golpe de heroísmo --
-- 3a. parte: En misión de contacto --
-- 4a. parte: Son derribadas las compuertas --
Información miscelánea 1963: antesala de una nueva restauración --
Título 5a. parte: Profundizamos línea antiimperialista --
-- 6a. parte: ¡El gran desafío: 14 de junio 1962! --
-- 7a. parte: Bosch presidente constitución 1963. Golpe de estado --
-- 8a. parte: La guerrilla que señaló un horizonte --
-- 9a. parte: De nuevo preso --
-- 10a. parte: Esposados en un avión --
-- 11a. parte: De nuevo en la patria --
-- Índice onomástico /
505 0# - NOTA DE CONTENIDO CON FORMATO
Nota de contenido con formato 1865-1965: La nueva restauración--
Título Contrarrevolución en marcha --
-- Primera parte. Francis se despide--
-- Por un nuevo rumbo.
-- segunda parte. Un alto... Una reflexión...Un nuevo camino--
-- Tercera parte. La revista teórica marxista Nuevo Rumbo--
-- La Familia: Un factor fudamental--
-- Anexos--
-- índice onomástico.
590 ## - NOTA LOCAL (RLIN)
Nota local Inventariado, 2024/BT
700 12 - PUNTO DE ACCESO ADICIONAL--NOMBRE DE PERSONA
Nombre de persona Capellán Ferrera, William,
Término indicativo de función/relación ed.
9 (RLIN) 74071
830 #0 - PUNTO DE ACCESO ADICIONAL DE SERIE-TÍTULO UNIFORME
Título uniforme Archivo General de la Nación.
Número de parte o sección de la obra 233
9 (RLIN) 74072
942 ## - ELEMENTOS DE PUNTO DE ACCESO ADICIONAL (KOHA)
Fuente del sistema de clasificación o colocación Dewey Decimal Classification
Tipo de ítem Koha Libro
Existencias
Estado de retiro Estado de pérdida Fuente del sistema de clasificación o colocación Restricciones de uso No para préstamo Código de colección Localización permanente Ubicación/localización actual Ubicación en estantería Fecha de adquisición Total de préstamos Signatura topográfica completa Código de barras Fecha visto por última vez Número de copia Precio válido a partir de Tipo de ítem Koha Fuente de adquisición Nota pública
    Dewey Decimal Classification Excluido de préstamo   Patrimonio Dominicano Biblioteca Nacional Pedro Henríquez Ureña Biblioteca Nacional Pedro Henríquez Ureña En catalogación 10.06.2015   BNPHU PD 46001-10 25.06.2020 v.1 25.06.2020 Libro    
    Dewey Decimal Classification Excluido de préstamo   Patrimonio Dominicano Biblioteca Nacional Pedro Henríquez Ureña Biblioteca Nacional Pedro Henríquez Ureña En catalogación 10.06.2015   BNPHU PD 46001-20 25.06.2020 v.1, e.2 25.06.2020 Libro    
    Dewey Decimal Classification Excluido de préstamo   Patrimonio Dominicano Biblioteca Nacional Pedro Henríquez Ureña Biblioteca Nacional Pedro Henríquez Ureña En catalogación 10.06.2015   BNPHU PD 46001-30 25.06.2020 v.2 25.06.2020 Libro    
    Dewey Decimal Classification Excluido de préstamo   Patrimonio Dominicano Biblioteca Nacional Pedro Henríquez Ureña Biblioteca Nacional Pedro Henríquez Ureña En catalogación 12.06.2015   BNPHU PD 46001-40 25.06.2020 v.2, e.2 25.06.2020 Libro    
    Dewey Decimal Classification Préstamo en sala   Dominicana de Servicio Biblioteca Nacional Pedro Henríquez Ureña Biblioteca Nacional Pedro Henríquez Ureña En catalogación 12.11.2024   BNPHU DS 2024-6386 12.11.2024 v.2, e.3 12.11.2024 Libro Donado por la Presidencia de la República Dominicana 2023. Perteneció a la biblioteca personal de Emilio Cordero Michel.
    Dewey Decimal Classification Préstamo en sala   Dominicana en Servicio Referencia Biblioteca Nacional Pedro Henríquez Ureña Biblioteca Nacional Pedro Henríquez Ureña En catalogación 01.12.2023   BNPHU PD 2024-6397 13.11.2024 v.1, e. 3 13.11.2024 Libro Donado por la Presidencia de la República Dominicana 2023 Perteneció a la biblioteca personal de Emilio Cordero Michel

Con tecnología Koha